1723 1696 1529 1666 1081 1609 1749 1474 1063 1100 1675 1878 1420 1271 1100 1052 1395 1357 1264 1318 1032 1749 1215 1690 1123 1130 1415 1421 1706 1297 1803 1629 1098 1121 1009 1708 1366 1824 1681 1861 1303 1603 1000 1553 1717 1511 1199 1717 1126 1660 1277 1178 1825 1225 1515 1309 1078 1537 1936 1784 1940 1172 1435 1436 1727 1698 1463 1647 1878 1794 1960 1211 1014 1117 1837 1604 1196 1915 1665 1193 1447 1395 1767 1198 1915 1037 1094 1913 1996 1059 1931 1609 1439 1758 1874 1495 1843 1231 1932 BCNSPRNW ULIB Ver.6.0+V

เปลี่ยนเป็นภาษาไทย

Change to English
 แสดงรายละเอียดบรรณานุกรม
  กลับหน้าหลัก

Brief Record : Get Marc (ISO 2709) : E-mail record : QR code < ปิดหน้าต่าง
LEADER : 00000nam 2200000uu 4500
001    13399114803
003     ULIB
008    120522s2555||||th 000 0 tha d
050  4 LB2324^bส181อ
110 1  สถาบันพระบรมราชชนก กระทรวงสาัธารณสุข
111 2  การสัมมนาวิชาการ
245 00 เอกสารสืบเนื่องจากการสัมมนาวิชาการ การแลกเปลี่ยนความรู้ทั้งภายในและภายนอกองค์กรเพื่อสร้างนวัตกรรมด้านการพัฒนาการประกันคุณภาพการศึกษา โดยพัฒนาการปฏิบัติงานที่ดี (Good Practice)/^cสถาบันพระบรมราชชนก กระทรวงสาัธารณสุข
246 0  การแลกเปลี่ยนความรู้ทั้งภายในและภายนอกองค์กรเพื่อสร้างนวัตกรรมด้านการพัฒนาการประกันคุณภาพการศึกษา โดยพัฒนาการปฏิบัติงานที่ดี (Good Practice)
260    นนทบุรี:^bกลุ่มงานประกันคุณภาพการศึกษา กลุ่มพัฒนาการศึกษา สถาบันพระบรมราชชนก,^c2555
300    553 หน้า^bภาพประกอบ,^c30 ซม
500    เอกสารสืบเนื่องจากการสัมมนาวันที่ 27-28 กุมภาพันธ์ 2555 ณ โรงแรมเอเซีย แอร์พอร์ท
650  4 นวัตกรรมการศึกษา
650  4 การปฏิบัติงานที่ดี
650  7 Good Practice
710 1  กลุ่มงานประกันคุณภาพการศึกษา กลุ่มพัฒนาการศึกษา สถาบันพระบรมราชชนก
945    ^p0^l0^i031793
945    ^p0^l0^i031794
945    ^p0^l0^i031795
999 ^a ใช้งานได้ทุกระบบ
รายการนี้ยังไม่มีแท็ก
คุณยังไม่ได้ล็อกอิน คุณสามารถมีกิจกรรมร่วมกับเว็บไซต์ได้ แต่ต้องล็อกอินก่อน ::
  ล็อกอิน

รายการสื่อสารสนเทศ

ลำดับที่ ประเภท เลขเรียก/บาร์โค้ด สถานที่ สถานะ
- ไม่พบข้อมูล -

รายการใกล้เคียง
    หัวเรื่อง [นวัตกรรมการศึกษา]
    หัวเรื่อง [การปฏิบัติงานที่ดี]
    หัวเรื่อง [Good Practice]

BibComment


ยังไม่เคยถูกคอมเมนท์

คอมเมนท์ทรัพยากรรายการนี้
  คอมเมนท์: เอกสารสืบเนื่องจา..


 Copyright 2026. Bcnsprnw @Library